LDR 00857naa#a2200181#i#450# 001 RU\\bibl\126137 005 20260630170406.2 011 ## _a0320-3557 100 ## _a20260320b2026####ek#y0rusy0150####ca 102 ## _aRU 200 1# _aИНТЕРЕСНАЯ НАХОДКА ПРЕДСТАВИТЕЛЯ ДИАТОМОВЫХ ВОДОРОСЛЕЙ NAVICULA PEROBLONGA В ЯКУТИИ _eЖурнальная статья 210 1# _aБорок _cИнститут биологии внутренних вод им. И.Д. Папанина РАН _d2026 215 ## _a3 с. 608 ## _aЖурнальная статья _2local 675 ## _aBacillariophyta (Diatomeae). Диатомовые водоросли. 582.26 _aМорфология растений. 581.4 _z 700 #1 _aГенкал _gСергей Иванович 700 #1 _aГабышев _gВ. А. 856 4# _aibiw.editorum.ru _u